One piece quiz #4 - Statistiques

Statistiques générales
  • Ce quiz a été pris 616 fois
  • Le résultat moyen est 9 sur 15
Statistiques - réponses
Question Réponse % Correct
Comment s'appelle le coffre que Luffy et Nami trouvère sur l'île des animaux rares ? Gaimon
92%
Comment s'appelle la dernière épée de Zoro ? Enma
88%
Quel est le pouvoir de Fujitora ? La gravitée
85%
Comment est surnommer Akainu ? Le chien rouge
81%
Comment s'appelle le soldat unijambiste sur Dresserossa ? Kyros
77%
Quels Grand Corsaire reste t'il quand il décide de l’abolir ? Hancock, mihawk, weeble, baggy
74%
Comment s'appelle la panthère de Boa Hancock ? Bakura
69%
Combien de superstar comporte l'équipage de Kaido ? 3
67%
Quel est le 2ème nom de Komurasaki ? Hiyori
67%
Avec combien d'épées Octy se bat' il sur Arlong Park ? 6
58%
Contre quel adversaire Luffy se voit attribuer une prime de 300 millions de berrys ? Rob lucci
57%
A combien s'élevait la 5ème prime de Luffy ? 500 millions
49%
Comment s'appelle l'île où Luffy s'entraîna pendant 2 ans ? Rusukaina
41%
Quel est le 6ème fourreaux rouges à faire son apparition ? Kikunujo
20%
Qui est le chef de l'armada de chapeau de paille ? Cavendish
13%
Aucun quiz correspondant
Distribution des résultats
% des personnes avec chaque résultat
Percentile par nombre de réponses
Votre historique - résultats
Vous n’avez pas pris ce quiz